Пасха (Запись № 13651961)

Подробности
000 -МАРКЕР
контрольное поле 03554njm0a2200577 4500
001 - ИДЕНТИФИКАТОР ЗАПИСИ
контрольное поле RU\NLR\ONIZ\308991
005 - ИДЕНТИФИКАТОР ВЕРСИИ
контрольное поле 20260409004039.0
035 ## - ДРУГИЕ СИСТЕМНЫЕ НОМЕРА
Идентификатор записи (NLR Aleph) 022774355
071 00 - ИЗДАТЕЛЬСКИЙ НОМЕР
Номер, присвоенный агентством 2-64806
071 00 - ИЗДАТЕЛЬСКИЙ НОМЕР
Номер, присвоенный агентством 2-64807
071 00 - ИЗДАТЕЛЬСКИЙ НОМЕР
Номер, присвоенный агентством X 2-64806:0
071 00 - ИЗДАТЕЛЬСКИЙ НОМЕР
Номер, присвоенный агентством X2-64807:
071 10 - ИЗДАТЕЛЬСКИЙ НОМЕР
Номер, присвоенный агентством 16037b
071 10 - ИЗДАТЕЛЬСКИЙ НОМЕР
Номер, присвоенный агентством 16038b
100 ## - ДАННЫЕ ОБЩЕЙ ОБРАБОТКИ
Данные общей обработки 20180917d1911 u y0rusy50 ca
102 ## - СТРАНА ПУБЛИКАЦИИ ИЛИ ПРОИЗВОДСТВА
Страна публикации российская федерация
126 ## - ПОЛЕ КОДИРОВАННЫХ ДАННЫХ: ЗВУКОЗАПИСИ - ФИЗИЧЕСКИЕ ХАРАКТЕРИСТИКИ
Кодированные данные звукозаписи (общие) adaxdxu ux
Кодированные данные звукозаписи (уточнения) xxx
127 ## - ПОЛЕ КОДИРОВАННЫХ ДАННЫХ: ПРОДОЛЖИТЕЛЬНОСТЬ ЗВУКОЗАПИСЕЙ И НОТНЫХ ИЗДАНИЙ (МУЗЫКАЛЬНОЕ ИСПОЛНЕНИЕ)
Продолжительность 000700
145 0# - ПОЛЕ КОДИРОВАННЫХ ДАННЫХ: СРЕДСТВО ИСПОЛНЕНИЯ МУЗЫКАЛЬНОГО ПРОИЗВЕДЕНИЯ (УСТАРЕВШЕЕ)
Тип средства исполнения a
200 1# - ЗАГЛАВИЕ И СВЕДЕНИЯ ОБ ОТВЕТСТВЕННОСТИ
Основное заглавие Пасха
Общее обозначение материала Звукозапись
Первые сведения об ответственности [муз.] Смоленскаго
203 ## - ВИД СОДЕРЖАНИЯ И ТИП СРЕДСТВА
Вид содержания музыка
Дополнительные сведения об издании исполнительская
Тип средства аудио
210 ## - ПУБЛИКАЦИЯ, РАСПРОСТРАНЕНИЕ И ДР.
Место издания, распространения и т.д. S. l.
Имя издателя, распространителя и т. д. Zonophone record
Дата издания, распространения и т.д. [1911]
Имя изготовителя О-во Граммофонъ съ огр. отв.
Место изготовления Рига
215 ## - ФИЗИЧЕСКАЯ ХАРАКТЕРИСТИКА
Специфическое обозначение материала и объем 1 грп. (ок. 7 мин) : 78 об/мин, моно
Размеры 25 см, в конв.
300 ## - ОБЩИЕ ПРИМЕЧАНИЯ
Текст примечания № заказа X 2-64806
300 ## - ОБЩИЕ ПРИМЕЧАНИЯ
Текст примечания Запись 19.10.1911 г., Москва
300 ## - ОБЩИЕ ПРИМЕЧАНИЯ
Текст примечания Инж. звукозап. Ф. Гайсберг
300 ## - ОБЩИЕ ПРИМЕЧАНИЯ
Текст примечания Дата записи установл. по кат. А. Келли
423 #0 - ИЗДАЕТСЯ В ОДНОЙ ОБЛОЖКЕ ВМЕСТЕ С ...
Встроенное поле 2001#$aХристос Воскрес$aВоскресение Христово$f[муз.] Чайковскаго$g[к звукозаписи в целом:] исполн.: Духовн. хор И. И. Юхова
-- 210##$aS. l.$cZonophone record$gО-во Граммофонъ съ огр. отв.$eРига$d[1911]
-- 700#1$9z01790$aЧайковский$bП. И.$gПетр Ильич$f1840-1893$4230$7ca
-- 702#1$9z01790$aЮхов$bИ. И.$gИван Иванович$f1871-1943$4250$7ca
-- 702#1$9z02790$aГайсберг$bФ.$gФред$cинженер звукозаписи$f1873-1951$4670$7ca
-- 71202$aДуховный хоръ п/упр. И. И. Юхова$4590
-- 790#1$9z01700$aČajkovskij$bP. I.$gPetr Il'ič$f1840-1893$4230$7ba
-- 790#1$9z01702$aJuchov$bI. I.$gIvan Ivanovič$f1871-1943$4250$7ba
-- 790#1$9z02702$aGaisberg$bF.$gFred$crecording engineer$f1873-1951$4670$7ba
Заглавие Воскресение Христово
Автор Чайковский, Петр Ильич (1840-1893)
606 1# - НАИМЕНОВАНИЕ ТЕМЫ КАК ПРЕДМЕТ
Наименование темы Церковная музыка русская
Хронологический подзаголовок 19 - 20 вв.
Формальный подзаголовок Звукозапись
Код системы nlr_sh
606 1# - НАИМЕНОВАНИЕ ТЕМЫ КАК ПРЕДМЕТ
Наименование темы Церковное пение
Географический подзаголовок Россия
Формальный подзаголовок Звукозапись
Код системы nlr_sh
606 1# - НАИМЕНОВАНИЕ ТЕМЫ КАК ПРЕДМЕТ
Наименование темы Хоровая музыка церковная
Географический подзаголовок Звукозапись
Хронологический подзаголовок 19-20 вв.
Формальный подзаголовок Звукозапись
Код системы nlr_sh
-- ca
606 1# - НАИМЕНОВАНИЕ ТЕМЫ КАК ПРЕДМЕТ
Наименование темы Хоры церковные смешанные
Тематический подзаголовок Исполнители
Географический подзаголовок Россия
Хронологический подзаголовок 20 в.
Формальный подзаголовок Звукозапись
Код системы nlr_sh
-- ca
686 ## - ИНДЕКСЫ ДРУГИХ КЛАССИФИКАЦИЙ
Индекс Щ99(28)я43
700 #1 - ИМЯ ЛИЦА - ПЕРВИЧНАЯ ОТВЕТСТВЕННОСТЬ
Связь между полями z01790
Начальный элемент ввода Смоленский
Часть имени, кроме начального элемента ввода С. В.
Даты 1848-1909
Расширение инициалов личного имени Степан Васильевич
Код отношения Композитор
702 #1 - ИМЯ ЛИЦА - ВТОРИЧНАЯ ОТВЕТСТВЕННОСТЬ
Связь между полями z02790
Начальный элемент ввода Юхов
Часть имени, кроме начального элемента ввода И. И.
Даты 1871-1943
Расширение инициалов личного имени Иван Иванович
Код отношения Дирижер, Руководитель оркестра
Графика поля Кириллица
702 #1 - ИМЯ ЛИЦА - ВТОРИЧНАЯ ОТВЕТСТВЕННОСТЬ
Связь между полями z03790
Начальный элемент ввода Гайсберг
Часть имени, кроме начального элемента ввода Ф.
Дополнения к именам, кроме дат инженер звукозаписи
Даты 1873-1951
Расширение инициалов личного имени Фред
Код отношения Инженер записи
Графика поля Кириллица
702 #1 - ИМЯ ЛИЦА - ВТОРИЧНАЯ ОТВЕТСТВЕННОСТЬ
Связь между полями z04790
Начальный элемент ввода Келли
Часть имени, кроме начального элемента ввода А.
Даты 1928-2015
Расширение инициалов личного имени Алан
Код отношения Оценщик, Эксперт
Графика поля Кириллица
712 02 - НАИМЕНОВАНИЕ ОРГАНИЗАЦИИ - ВТОРИЧНАЯ ОТВЕТСТВЕННОСТЬ
Начальный элемент ввода Духовный хоръ п/упр. И. И. Юхова
Код отношения Исполнитель
790 #1 - ИМЯ ЛИЦА - АЛЬТЕРНАТИВНАЯ ФОРМА
Связь между полями z01700
Начальный элемент ввода Smolenskij
Часть имени, кроме начального элемента ввода S. V.
Даты 1848-1909
Расширение инициалов личного имени Stepan Vasil`evič
Код отношения Композитор
Графика поля Латинская
790 #1 - ИМЯ ЛИЦА - АЛЬТЕРНАТИВНАЯ ФОРМА
Связь между полями z02702
Начальный элемент ввода Juchov
Часть имени, кроме начального элемента ввода I. I.
Даты 1871-1943
Расширение инициалов личного имени Ivan Ivanovič
Код отношения Дирижер, Руководитель оркестра
Графика поля Латинская
790 #1 - ИМЯ ЛИЦА - АЛЬТЕРНАТИВНАЯ ФОРМА
Связь между полями z03702
Начальный элемент ввода Gaisberg
Часть имени, кроме начального элемента ввода F.
Дополнения к именам, кроме дат recording engineer
Даты 1873-1951
Расширение инициалов личного имени Fred
Код отношения Инженер записи
Графика поля Латинская
790 #1 - ИМЯ ЛИЦА - АЛЬТЕРНАТИВНАЯ ФОРМА
Связь между полями z04702
Начальный элемент ввода Kelly
Часть имени, кроме начального элемента ввода A.
Даты 1928-2015
Расширение инициалов личного имени Alan
Код отношения Оценщик, Эксперт
Графика поля Кириллица
801 #0 - ИСТОЧНИК ЗАПИСИ
Страна российская федерация
Организация NLR
Дата составления 20180917
Правила каталогизации PSBO
801 #1 - ИСТОЧНИК ЗАПИСИ
Страна российская федерация
Организация NLR
Дата составления 20180917
Источник данных rusmarc
801 #2 - ИСТОЧНИК ЗАПИСИ
Страна российская федерация
Организация NLR
Дата составления 20260401
852 ## - МЕСТОНАХОЖДЕНИЕ И ШИФР ХРАНЕНИЯ
Идентификатор организации NLR
Шифр хранения (Call Number) Мг 2к/743
Идентификатор единицы 44894
Номер экземпляра 1
942 ## - ДОПОЛНИТЕЛЬНЫЕ ЭЛЕМЕНТЫ ЗАПИСИ (АБИС)
Тип экземпляра АБИС Звукозапись
980 ## - КОЛЛЕКЦИЯ
Название коллекции Отдел нот и звукозаписей
980 ## - КОЛЛЕКЦИЯ
Название коллекции Национальная библиография

Нет доступных экземпляров.